000 00548nam a22002057a 4500
999 _c66568
_d66565
003 PK-NaQUE
005 20241219141550.0
008 241219b ||||| |||| 00| 0 eng d
020 _a9789353062460
040 _cQUEST
082 _a526.9KAV
100 _aKavanagh, Barry
245 _aSurveying: principles and applications
260 _aNew Delhi:
_bPearson Education,
_c2018.
300 _a573p. ;
650 _aSurveying
700 _aMastin, Tom
856 _uhttp://10.10.170.122:8080/browse/book/12774
_yeBook
942 _cBK
_2ddc